| 000 | 03239cam a2200553 4500500 | ||
|---|---|---|---|
| 005 | 20260111100716.0 | ||
| 041 | _afre | ||
| 042 | _adc | ||
| 100 | 1 | 0 |
_aSohnle, Jochen _eauthor |
| 700 | 1 | 0 |
_aTrudeau, Hélène _eauthor |
| 245 | 0 | 0 | _aLe droit international de l’environnement (juillet 2019-juin 2021) ou l’effort permanent contre les charmes funestes de Circé |
| 260 | _c2021. | ||
| 500 | _a66 | ||
| 520 | _aLa présente chronique s’intéresse d’abord aux évènements marquants dans les différents secteurs du droit international de l’environnement, à savoir le climat, l’eau, le milieu marin, l’air et l’atmosphère ainsi que la faune, la flore et la biodiversité. Elle vise ensuite la protection transsectorielle de l’environnement en développant notamment les thématiques suivantes : protection de l’environnement dans son ensemble, protection transversale (substances, déchets), environnement et commerce et responsabilité environnementale, internationale et civile. Les sources prises en compte sont les traités, les instruments non obligatoires adoptés plus particulièrement par les Conférences des parties et d’autres instances internationales ainsi que les décisions de justice les plus marquantes. | ||
| 520 | _aThe present column covers the significant events in the field of International Environmental Law over the last two years (July 2019 – June 2021). First, it considers sectorial issues such as protection of climate, fresh water, marine environment, air and atmosphere, flora, fauna and biodiversity. Secondly, it deals with environmental protection as a whole, transsectorial protection (substances, waste), environment and trade as well as environmental responsibility and liability. The legal sources taken into account are mainly treaties, COP, UN and other soft law instruments as well as judicial decisions. | ||
| 690 | _aair | ||
| 690 | _aatmosphère | ||
| 690 | _abiodiversité | ||
| 690 | _aclimat | ||
| 690 | _aConférences des parties (COP) | ||
| 690 | _adroit international de l’environnement | ||
| 690 | _aeau douce | ||
| 690 | _aenvironnement et commerce | ||
| 690 | _afaune et flore | ||
| 690 | _ajurisprudence internationale | ||
| 690 | _amilieu marin | ||
| 690 | _aresponsabilité civile | ||
| 690 | _aresponsabilité environnementale | ||
| 690 | _aresponsabilité internationale | ||
| 690 | _asubstances et déchets | ||
| 690 | _atraités environnementaux | ||
| 690 | _aair | ||
| 690 | _aatmosphere | ||
| 690 | _abiodiversity | ||
| 690 | _aclimate | ||
| 690 | _aConferences of Parties (COP) | ||
| 690 | _aenvironment and trade | ||
| 690 | _aenvironmental liability | ||
| 690 | _aenvironmental responsibility | ||
| 690 | _aenvironmental treaties | ||
| 690 | _aflora and fauna | ||
| 690 | _afresh water | ||
| 690 | _aInternational Environmental Law | ||
| 690 | _ainternational judicial decisions | ||
| 690 | _amarine environment | ||
| 690 | _asubstances and waste | ||
| 786 | 0 | _nRevue juridique de l’environnement | Volume 46 | 3 | 2021-09-07 | p. 577-596 | 0397-0299 | |
| 856 | 4 | 1 | _uhttps://droit.cairn.info/revue-juridique-de-l-environnement-2021-3-page-577?lang=fr&redirect-ssocas=7080 |
| 999 |
_c1629544 _d1629544 |
||